Tilastot visalle Marshallinsaaret-visa

Klikkaa tästä pelataksesi tätä visaa!

Yleistilastot

  • Tätä visaa on pelattu 145 kertaa
  • Keskiarvotulos 11 / 17

Vastaustilastot

VihjeVastaus% Oikein
Viralliset kieletEnglanti
98%
Valtio, josta Marshallinsaaret itsenäistyi 1986Yhdysvallat
92%
Valtio, joka miehitti Marshallinsaaria 1914–1944Japani
91%
ValuuttaYhdysvaltain dollari
89%
Marshallinsaaria ennen yllä olevaa hallinnut valtioSaksa
80%
Oseanian osa-alue, johon Marshallinsaaret kuuluuMikronesia
76%
PääkaupunkiMajuro
73%
Viralliset kieletMarshalli
69%
Maailman suurin maalla elävä niveljalkainenKookos{rapu}
63%
Koralliatolli, jossa Yhdysvallat testasi 23:a ydinasetta{Bikini}n atolli
51%
Englantilainen kapteeni, jonka mukaan maa on nimetty{John} Marshall
48%
Sopimus, joka sitoo yllä olevan ja Marshallinsaaret tiukasti yhteen{Liitännäis}valtiosopimus
47%
Yhdysvaltain hallitsema territorio, jonka Marshallinsaaret on vaatinut itselleenWake
42%
Teknisesti ottaen Marshallinsaarilla on maailman neljänneksi suurin laivasto, koska se on{Mukavuus}lippumaa
41%
Suuri ydinasekoe, joka aiheutti oletettua suurempaa vahinkoa yllä olevalla atollillaCastle {Bravo}
39%
Marshallinsaarten kaksi suurta saariketjuaRalik
33%
Marshallinsaarten kaksi suurta saariketjuaRatak
33%

Tulosjakauma

Persentiili vastausten määrän mukaan

Jokaisen tuloksen saaneiden osuus

Tuloshistoriasi

Et ole pelannut tätä visaa